000 00607cam a22002053a 4500
001 38640
003 PGUSA
005 20140828083842.0
008 120121s2012||||xxu|||||s|||||000 | eng d
040 _aPGUSA
_beng
042 _adc
100 1 _aArchibald, Raymond Clare,
_d1875-1955
245 1 0 _aEuclid's Book on Divisions of Figures
_h[electronic resource] /
_cRaymond Clare Archibald
260 _bProject Gutenberg,
_c2012
506 _aPublic domain in the USA.
516 _aElectronic text
830 0 _aProject Gutenberg
_v38640
856 4 0 _uhttp://www.gutenberg.org/ebooks/38640
942 _cEB
999 _c267894
_d267894